Jorge Tacla. Pinturas / Paintings

Saved in:
Bibliographic Details
Main Author: Kuspit, Donald (Author)
Other Authors: Zamudio, Raúl
Format: Unknown
Language:English
Published: Santiago, Chile. Centro Cultural Estación Mapocho, 2008
Subjects:
Tags: Add Tag
No Tags, Be the first to tag this record!

MARC

LEADER 00000 a2200000 4500
003 CL-VaPUC
005 20230419113837.0
008 200612b ||||| |||| 00| 0 eng d
999 |c 431663  |d 431661 
020 |a 9789563195231 
040 |c Pontificia Universidad Católica de Valparaíso 
082 |a 759.983 TAC 2008 
100 |a Kuspit, Donald  |e author  |9 579899 
245 |a Jorge Tacla. Pinturas / Paintings 
260 |a Santiago, Chile.   |b Centro Cultural Estación Mapocho,  |c 2008 
300 |a 225 páginas;  |b ilustraciones  
583 |k Cristina Rojas  |c 20200612 
600 0 |a Tacla, Jorge,  |d 1958-  |9 856993 
650 0 |a Pintores chilenos  |9 314455  |y Siglo 20 
700 |a Kuspit, Donald  |e author  |9 579899 
700 |a  Zamudio, Raúl   |9 856995 
852 |a BIBCUR 
942 |2 ddc  |c BK 
952 |0 0  |1 0  |2 ddc  |4 0  |6 759_983000000000000_TAC_2008  |7 0  |8 R  |9 576608  |a BIBART  |b BIBART  |d 2020-06-12  |e 98  |g 47600.00  |i 5576660  |l 3  |m 1  |o 759.983 TAC 2008  |p 5576660  |r 2025-04-11  |s 2025-04-09  |t 1  |v 47600.00  |w 2020-06-12  |y BK_R  |k ART